header

The timetree of life (Record no. 968)

MARC details
000 -LEADER
fixed length control field 01263nam a2200325Ia 4500
245 04 - TITLE STATEMENT
Title The timetree of life
260 ## - PUBLICATION, DISTRIBUTION, ETC. (IMPRINT)
Place of publication Oxford ;
-- New York :
Name of publisher Oxford University Press,
Year of publication 2009.
300 ## - PHYSICAL DESCRIPTION
Number of Pages xxi, 551 p. :
Other physical details col. ill.
490 1# - SERIES STATEMENT
Series statement Oxford biology
650 #0 - SUBJECT ADDED ENTRY--TOPICAL TERM
Topical Term Evolution (Biology)
Topical Term Phylogeny.
700 1# - ADDED ENTRY--PERSONAL NAME
Personal name Hedges, S. Blair.
Personal name Kumar, Sudhir,
856 40 - ELECTRONIC LOCATION AND ACCESS
Uniform Resource Identifier http://site.ebrary.com/lib/rucke/Doc?id=10288286

No items available.

© 2026 Rongo University
Contact us: librarian | system librarian | Rongo university